=LDR 00000nam 2200000 4500 =001 INLIS000000000004947 =005 20241025091000 =035 ##$$a 0010-0322000344 =245 1#$$a Membangun Sukses Sejak Dini : $b Remaja Membangun Masa Depan? Harus itu! /$c Purnadina =100 #$$a PURNADINA =250 ##$$a Cet. 1, Dessember =300 ##$$a vi, 130 halaman : $b gambar ; $c 13x19 cm$e Bibliografi;Biografi =856 ##$$a OPAC (Rak Tandon - Rak 2.3) =260 ##$$a Yogyakarta :$b Leutika,$c 2010 =082 ##$$a 158.1 =084 ##$$a 158.1 PUR m =020 ##$$a 978-602-8597-29-6 =650 #4$$a Perbaikan Pribadi, Penghidupan yang Sukses =650 #4$$a Hadiah 2016 =520 ##$$a Buku ini megarahkan anda untuk mengerti diri sendiri, dalam hal : potensi/bakat alam, impian yang dikehendaki, kecenduerungan arah berpikir; memberikan anda cara jitu meraih mimpi dalam hal prestasi akademi, karier, spiritual; membimbing Anda menentukan skala prioritas dalam hal mengatur jadwal keseharian, raihan masa depan, kepentingan pribadi dan sosial; Melatih Anda mengasah kebijaksanaan dalam hal pergaulan sehari-hari, pencarian jati diri, pengolahan arah pikir, dan membuka mata Anda tentang manajemen spiritual bagi remaja =008 241025################g##########0#ind## =990 ##$$a 984/H-16